|
|
|
|
| LEADER |
00000nam0a2200000 4500 |
| 001 |
149389 |
| 005 |
20241206164435.0 |
| 010 |
|
|
|a 9785238016399
|b (в пер.)
|b 30000 экз. (1-й з-д 3 тыс.)
|
| 035 |
|
|
|a (RuTPU)RU\TPU\book\161950
|
| 090 |
|
|
|a 149389
|
| 100 |
|
|
|a 20090619d2009 m y0rusy5002 ca
|
| 101 |
0 |
|
|a rus
|
| 102 |
|
|
|a RU
|
| 105 |
|
|
|a a j 000zy
|
| 200 |
1 |
|
|a История России
|e учебник
|f Г. Б. Поляк [и др.]
|g под ред. Г. Б. Поляка
|
| 205 |
|
|
|a 3-е изд., перераб. и доп.
|
| 210 |
|
|
|a Москва
|c ЮНИТИ-ДАНА
|d 2009
|
| 215 |
|
|
|a XVII, 668 с.
|c ил.
|d 22 см.
|
| 225 |
1 |
|
|a Cogito ergo sum
|
| 300 |
|
|
|a Авт. указаны на с. XV.
|
| 330 |
|
|
|a В соответствии с российской историографией исторические события, процессы и явления рассматриваются по важнейшим хронологическим периодам: Киевская Русь, феодальная раздробленность и монголо-татарское иго, формирование единого централизованного государства в XV—XVII вв., развитие России в период абсолютной монархии XVIII—XIX вв., Россия в XX — начале XXI в. Учебник отличает полнота анализа отечественной истории — авторы рассматривают в комплексе экономику, политику и культуру страны. Новое издание значительно переработано и дополнено новыми фактами из российской истории. Для студентов вузов, колледжей, а также широкого круга читателей. Издание иллюстрировано.
|
| 606 |
|
|
|a Россия
|x История
|2 stltpush
|3 (RuTPU)RU\TPU\subj\64777
|9 81526
|
| 610 |
1 |
|
|a учебники
|
| 610 |
1 |
|
|a славянские народы
|
| 610 |
1 |
|
|a происхождение
|
| 610 |
1 |
|
|a славяне
|
| 610 |
1 |
|
|a Древнерусское государство
|
| 610 |
1 |
|
|a Московское государство
|
| 610 |
1 |
|
|a Смутное время
|
| 610 |
1 |
|
|a Российская империя
|
| 610 |
1 |
|
|a петровские реформы
|
| 610 |
1 |
|
|a дворцовые перевороты
|
| 610 |
1 |
|
|a буржуазно-демократические революции
|
| 610 |
1 |
|
|a Первая мировая война 1914-1918
|
| 610 |
1 |
|
|a Октябрьская революция 1917
|
| 610 |
1 |
|
|a Гражданская война 1918-1921
|
| 610 |
1 |
|
|a СССР
|
| 610 |
1 |
|
|a социализм
|
| 610 |
1 |
|
|a Великая Отечественная война 1941-1945
|
| 610 |
1 |
|
|a Российская Федерация
|
| 610 |
1 |
|
|a история России
|
| 686 |
|
|
|a Т3(2)я73
|2 rubbk
|
| 701 |
|
1 |
|a Поляк
|b Г. Б.
|g Георгий Борисович
|4 070
|
| 701 |
|
1 |
|a Маркова
|b А. Н.
|g Анна Николаевна
|4 070
|
| 701 |
|
1 |
|a Квасов
|b А. С.
|g Александр Сергеевич
|4 070
|
| 701 |
|
1 |
|a Айсина
|b Ф. О.
|4 070
|
| 701 |
|
1 |
|a Бородина
|b С. Д.
|4 070
|
| 701 |
|
1 |
|a Воскресенская
|b Н. О.
|4 070
|
| 702 |
|
1 |
|a Поляк
|b Г. Б.
|g Георгий Борисович
|4 340
|
| 801 |
|
1 |
|a RU
|b 63413507
|c 20081216
|g PSBO
|
| 801 |
|
2 |
|a RU
|b 63413507
|c 20220328
|g PSBO
|
| 942 |
|
|
|c BK
|